<?xml version="1.0" encoding="UTF-8"?><?xml-stylesheet type="text/xsl" href="static/style.xsl"?><OAI-PMH xmlns="http://www.openarchives.org/OAI/2.0/" xmlns:xsi="http://www.w3.org/2001/XMLSchema-instance" xsi:schemaLocation="http://www.openarchives.org/OAI/2.0/ http://www.openarchives.org/OAI/2.0/OAI-PMH.xsd"><responseDate>2026-06-07T19:15:49Z</responseDate><request verb="GetRecord" identifier="oai:docta.ucm.es:20.500.14352/136921" metadataPrefix="marc">https://docta.ucm.es/rest/oai/request</request><GetRecord><record><header><identifier>oai:docta.ucm.es:20.500.14352/136921</identifier><datestamp>2026-05-26T23:55:47Z</datestamp><setSpec>com_20.500.14352_14</setSpec><setSpec>col_20.500.14352_15</setSpec></header><metadata><record xmlns="http://www.loc.gov/MARC21/slim" xmlns:dcterms="http://purl.org/dc/terms/" xmlns:xsi="http://www.w3.org/2001/XMLSchema-instance" xmlns:doc="http://www.lyncode.com/xoai" xsi:schemaLocation="http://www.loc.gov/MARC21/slim http://www.loc.gov/standards/marcxml/schema/MARC21slim.xsd">
   <leader>00925njm 22002777a 4500</leader>
   <datafield ind2=" " ind1=" " tag="042">
      <subfield code="a">dc</subfield>
   </datafield>
   <datafield ind2=" " ind1=" " tag="720">
      <subfield code="a">Doval Moreno, Sandra</subfield>
      <subfield code="e">author</subfield>
   </datafield>
   <datafield ind2=" " ind1=" " tag="720">
      <subfield code="a">Nebreda Pérez, Alberto</subfield>
      <subfield code="e">author</subfield>
   </datafield>
   <datafield ind2=" " ind1=" " tag="720">
      <subfield code="a">Bruña Fernández, Ricardo</subfield>
      <subfield code="e">author</subfield>
   </datafield>
   <datafield ind2=" " ind1=" " tag="260">
      <subfield code="c">2024-10-04</subfield>
   </datafield>
   <datafield ind2=" " ind1=" " tag="520">
      <subfield code="a">In the era of functional brain networks, our understanding of how they evolve across life in a healthy population remains limited. Here, we investigate functional connectivity across the human lifespan using magnetoencephalography in a cohort of 792 healthy individuals, categorized into young (13 to 30 yr), middle (31 to 54 yr), and late adulthood (55 to 80 yr). Employing corrected imaginary phase-locking value, we map the evolving landscapes of connectivity within delta, theta, alpha, beta, and gamma classical frequency bands among brain areas. Our findings reveal significant shifts in functional connectivity patterns across all frequency bands, with certain networks exhibiting increased connectivity and others decreased, dependent on the frequency band and specific age groups, showcasing the dynamic reorganization of neural networks as age increases. This detailed exploration provides, to our knowledge, the first all-encompassing view of how electrophysiological functional connectivity evolves at different life stages, offering new insights into the brain’s adaptability and the intricate interplay of cognitive aging and network connectivity. This work not only contributes to the body of knowledge on cognitive aging and neurological health but also emphasizes the need for further research to develop targeted interventions for maintaining cognitive function in the aging population.</subfield>
   </datafield>
   <datafield ind1="8" ind2=" " tag="024">
      <subfield code="a">Doval, Sandra, et al. «Functional Connectivity across the Lifespan: A Cross-Sectional Analysis of Changes». Cerebral Cortex, vol. 34, n.o 10, octubre de 2024, p. bhae396. DOI.org (Crossref), https://doi.org/10.1093/cercor/bhae396</subfield>
   </datafield>
   <datafield ind1="8" ind2=" " tag="024">
      <subfield code="a">10.1093/cercor/bhae396</subfield>
   </datafield>
   <datafield ind1="8" ind2=" " tag="024">
      <subfield code="a">https://hdl.handle.net/20.500.14352/136921</subfield>
   </datafield>
   <datafield ind1="8" ind2=" " tag="024">
      <subfield code="a">https://doi.org/10.1093/CERCOR/BHAE396</subfield>
   </datafield>
   <datafield ind1="8" ind2=" " tag="024">
      <subfield code="a">39367726</subfield>
   </datafield>
   <datafield ind1="8" ind2=" " tag="024">
      <subfield code="a">https://academic.oup.com/cercor/article/34/10/bhae396/7811231</subfield>
   </datafield>
   <datafield ind2="0" ind1="0" tag="245">
      <subfield code="a">Functional connectivity changes across the lifespan: a cross-sectional analysis of changes</subfield>
   </datafield>
</record></metadata></record></GetRecord></OAI-PMH>